000 00430nam a2200169Ia 4500
008 230524s9999 xx 000 0 und d
082 _a5
_bJOH
100 _aRichard Johnsonbaugh
_924025
245 0 _aApplications Programming in C
250 _a1ST
260 _aLONDON
_bMaxwell Macmillan
_c1990
300 _aVIII;796
500 _aQuantity Number: 1
650 _aComp-Sc
700 _a Martin Kalin
_924026
942 _cBK
999 _c35570
_d35570